| 000 | 00471nam a2200133 a 4500 | ||
|---|---|---|---|
| 008 | 120416s1996 ||||||||||||||||| || u | ||
| 050 | _aHF 5635 Int | ||
| 245 | 1 | 0 | _aIntroduction to accounting |
| 246 | _aan integrated approach, vol. 2 | ||
| 250 | _aPreliminar | ||
| 260 |
_aChicago _bIrwin _c1996 |
||
| 350 | _a0.00 | ||
| 995 |
_D0.00 _FCBU-MAIN LIBRARY (Kitwe) _H1 _I21.00 _UAVAILABLE _ZMain Library Open Access Collection |
||
| 999 |
_c47586 _d47586 |
||